000
00266nam a2200109Ia 4500
008
200302s9999 xx 000 0 und d
100
_a
Ashok Dingankar
245
_a
Architecture and Environment
260
_b
Abhishek Publications
260
_c
2011
300
_a
110 P.,
999
_c
3280
_d
3280